The plans, progress and portents; (Record no. 56397)

MARC details
000 -LEADER
fixed length control field 00675cam a22002171 4500
001 - CONTROL NUMBER
control field sa 64000751
003 - CONTROL NUMBER IDENTIFIER
control field DLC
005 - DATE AND TIME OF LATEST TRANSACTION
control field 20260227111958.0
008 - FIXED-LENGTH DATA ELEMENTS--GENERAL INFORMATION
fixed length control field 861031s1962 ii a 000 0 eng
010 ## - LIBRARY OF CONGRESS CONTROL NUMBER
LC control number sa 64000751
025 ## - OVERSEAS ACQUISITION NUMBER
Overseas acquisition number PL480:I-E-2237
035 ## - SYSTEM CONTROL NUMBER
System control number (OCoLC)14580694
040 ## - CATALOGING SOURCE
Original cataloging agency DLC
Transcribing agency WaU
Modifying agency DLC
042 ## - AUTHENTICATION CODE
Authentication code premarc
050 00 - LIBRARY OF CONGRESS CALL NUMBER
Classification number HC435
Item number .M73
100 1# - MAIN ENTRY--PERSONAL NAME
Personal name Mohnot, Sohan Raj.
245 14 - TITLE STATEMENT
Title The plans, progress and portents;
Remainder of title a collection of some of the radio talks broadcast by the author from All India Radio, Calcutta.
260 ## - PUBLICATION, DISTRIBUTION, ETC.
Place of publication, distribution, etc. Calcutta,
Name of publisher, distributor, etc. Bureau of Economic Studies
Date of publication, distribution, etc. [1962]
300 ## - PHYSICAL DESCRIPTION
Extent 117 p.
Other physical details tables
Dimensions 22 cm.
651 #0 - SUBJECT ADDED ENTRY--GEOGRAPHIC NAME
Geographic name India
General subdivision Economic policy.

No items available.

Powered by Koha